[Event "45th Olympiad 2024"]
[Site "Budapest HUN"]
[Date "2024.09.16"]
[Round "6.21"]
[Board "1"]
[White "Ziska, Helgi Dam"]
[Black "Fedoseev, Vladimir3"]
[Result "0-1"]
[WhiteElo "2553"]
[BlackElo "2692"]
[PlyCount "80"]
[EventDate "2024.09.11"]
[WhiteTeam "Faroe Islands"]
[BlackTeam "Slovenia"]
[WhiteTeamCountry "FAI"]
[BlackTeamCountry "SLO"]

1. e4 c6 2. d4 d5 3. Nc3 dxe4 4. Nxe4 Nf6 5. Nxf6+ exf6 6. c3 Bd6 7. Bd3 O-O 8. Ne2 Re8 9. O-O Nd7 10. Bf4 Be7 ({RR} 10... Nf8 11. Qd2 Ng6 12. Bxd6 Qxd6 13. Rfe1 Be6 14. Ng3 Rad8 15. a3 Bd5 16. Rxe8+ Rxe8 17. Re1 Rxe1+ 18. Qxe1 Kf8 19. Nf5 Qe6 20. Qe3 Qxe3 21. Nxe3 Be6 22. g3 Ne7 23. f4 g6 24. Kf2 Ke8 25. c4 {0-1 Vitiugov,N (2727)-Xiong,J (2700) Speed Chess GP3 blitz 2021 (3)}) ({RR} 10... Nf8 11. Bg3 g6 12. Re1 Ne6 13. Qd2 Ng7 14. Bxd6 Qxd6 15. Qf4 Qd8 16. Ng3 Rxe1+ 17. Rxe1 f5 18. Bc4 Be6 19. Bxe6 Nxe6 20. Qe5 a5 21. Ne2 Qb6 22. b3 Re8 23. Qf6 Nf4 24. Kf1 Qb5 25. c4 {0-1 Kodoev,A (1609)-Ammar,S (2235) BRICS Games Rapid 2024 (1.12)}) 11. Re1 $146 ({RR} 11. Ng3 Nf8 12. Nf5 Bxf5 13. Bxf5 g6 14. Bc2 Ne6 15. Bg3 Ng7 16. Qf3 Nh5 17. Rfe1 Nxg3 18. hxg3 Kg7 19. Re2 Bd6 20. Rae1 Rxe2 21. Qxe2 {½-½ Breyther,R (2325)-Bobzin,P Hamburg op 1992 (5)}) 11... Nf8 12. Bg3 f5 13. Qb3 Bg5 14. Bc4 Be6 15. Bxe6 Nxe6 16. f4 Bf6 17. Qxb7 c5 18. Bf2 cxd4 19. Rad1 Qa5 20. b4 Qxa2 21. cxd4 Rab8 22. Qf3 g6 23. d5 Nf8 24. Nd4 Rxe1+ 25. Bxe1 Re8 26. Nc6 Re2 27. Kf1 Re4 28. Bf2 Nd7 29. g3 Nb6 30. Qd3 Nc4 31. d6 Qa4 32. Ne7+ Kg7 33. d7 Bxe7 34. Qc3+ Kh6 35. d8=Q Bxd8 36. Rxd8 Qa2 37. Qd3 Qb2 38. Kg1 Re2 39. Qf3 Qc1+ 40. Kg2 Ne3+ 0-1

[Event "45th Olympiad 2024"]
[Site "Budapest HUN"]
[Date "2024.09.16"]
[Round "6.21"]
[Board "2"]
[White "Demchenko, Anton"]
[Black "Nielsen, Hogni Egilstoft"]
[Result "1/2-1/2"]
[WhiteElo "2597"]
[BlackElo "2379"]
[PlyCount "292"]
[EventDate "2024.09.11"]
[WhiteTeam "Slovenia"]
[BlackTeam "Faroe Islands"]
[WhiteTeamCountry "SLO"]
[BlackTeamCountry "FAI"]

1. e4 {Marin,Mihail} e5 2. Nf3 Nc6 3. Bc4 Nf6 4. d3 Bc5 5. a4 a6 ({RR} 5... d6 6. c3 a6 7. Bg5 h6 8. Bh4 Ba7 9. Nbd2 Qe7 ({RR} 9... g5 10. Bg3 O-O ({RR} 10... Nh5 11. Nxe5 Nxg3 12. Bxf7+ Ke7 13. Ng6+ Kxf7 14. Nxh8+ Qxh8 15. hxg3) 11. O-O Nh7 12. h3 h5) 10. h3 ({RR} 10. Qe2 g5 ({RR} 10... Be6 11. b4 O-O 12. O-O Rfe8 13. Rfb1 Rab8 14. a5 Bxc4 15. Nxc4 Qe6 16. Bxf6 Qxf6 17. b5 axb5 18. Rxb5 Nd8 19. Rab1 Ra8 20. g3 Qe6 21. Kg2 c6 22. R5b2 Bb8 23. Ra1 Bc7) 11. Bg3 h5 ({RR} 11... g4 12. Bh4) ({RR} 11... Bg4 12. h3 Bh5) 12. h4 ({RR} 12. Nxg5 h4 13. Bxf7+ Kf8 14. O-O-O Kg7 15. Bb3 hxg3 16. hxg3 Bd7 17. f4) 12... g4 13. Ng5 Rf8 14. f4 gxf3 15. gxf3) ({RR} 10. b4 Bd7 11. Rb1 g5 12. Bg3 Nh5) 10... g5 11. Bg3 Nh5 12. Qe2 ({RR} 12. Nxe5 Nxg3 13. Bxf7+ Kd8 14. Ng6 Qxf7) ({RR} 12. Bh2 Nf4 13. Bxf4 gxf4 14. b4 Rg8 15. Rg1 Be6 16. a5 Nd8 17. b5 axb5 18. Bxb5+ c6 19. Ba4 f5) ({RR} 12. Nf1 Nf4 13. Rg1 Be6 14. Bxe6 fxe6 15. Ne3 O-O-O 16. b4 d5 17. exd5 exd5 18. b5 e4 19. bxc6 exf3 20. Qxf3 Rhf8) 12... Qf6 13. Bh2 ({RR} 13. Kd1 Nxg3 14. fxg3 h5 15. Rf1 Qg7) 13... Nf4 14. Bxf4 gxf4 15. g4 Ne7 16. b4 ({RR} 16. Kd1 Ng6 17. Kc2 h5 18. gxh5 Rxh5 19. h4 Nxh4 20. Rag1) 16... Ng6 17. Kd1 h5 18. g5 ({RR} 18. gxh5 Rxh5 19. h4 ({RR} 19. Qf1 Bd7 20. Kc2 Ke7) 19... Nxh4 20. Kc2 Ke7 21. Rag1 Bd7) 18... Qe7 19. b5 ({RR} 19. Kc2) 19... Kf8 20. bxa6 {0-1 Anand,V (2767)-Kramnik,V (2787) Tata Steel-A 80th 2018 (7)} ({RR} 20. d4 Kg7 21. Kc2 c6)) 6. Bg5 $146 ({RR} 6. O-O O-O 7. Be3 Bxe3 8. fxe3 d5 9. exd5 Nxd5 10. Qe1 Be6 11. Nbd2 Ndb4 12. Rc1 Bxc4 13. Nxc4 e4 14. dxe4 Qe7 15. Ncd2 Rad8 16. Qf2 Ne5 17. Nd4 g6 18. Qg3 Kh8 19. Rf2 c5 20. N4f3 Nxf3+ {0-1 Milliet,S (2385)-Broly,M (2097) TCh-FRA Top 16 GpA 2024 (6.32)}) ({RR} 6. O-O d6 7. c3 Ba7 8. a5 h6 9. Be3 O-O 10. h3 Re8 11. Qb3 Qe7 12. Nbd2 Nd7 13. Bxa7 Rxa7 14. d4 Nf6 15. Rfe1 Qf8 16. Bd3 Nh5 17. Nf1 Nf4 18. Bc2 Qe7 19. Ng3 Ra8 20. d5 Nd8 {1-0 Demchenko,A (2654)-Manukyan,A (2106) Titled Tuesday intern op 15th Feb Early blitz 2022 (6)}) ({RR} 6. O-O h6 7. Nc3 d6 8. Nd5 O-O 9. Be3 Be6 10. Bxc5 dxc5 11. Nxf6+ Qxf6 12. Bxe6 Qxe6 13. Qe2 a5 14. Qe3 b6 15. Nd2 Nd4 16. c3 Nc2 17. Qg3 Nxa1 18. Rxa1 Rad8 19. Nc4 Rfe8 20. Re1 Kh7 {0-1 Kubicka,A (2278)-Injac,T (2434) Swiss Queens Wed #9 2024 (11.25)}) ({RR} 6. Nc3 h6 7. h3 d6 8. a5 Bb4 9. Bd5 Nxd5 10. exd5 Ne7 11. O-O Bxc3 12. bxc3 Nxd5 13. d4 e4 14. c4 Nf6 15. Re1 O-O 16. Nh2 Bf5 17. Nf1 Re8 18. Rb1 Rb8 19. Ng3 Bg6 20. d5 c5 {1-0 Rosen,E (2361)-Pinheiro,I (2270) Titled Tue 27th Feb Late 2024 (10)}) 6... h6 7. Bh4 Be7 8. Bg3 d6 9. Nbd2 O-O 10. c3 g6 11. O-O Nh5 12. h3 Bg5 13. Bh2 Kg7 14. Re1 Qf6 15. Nf1 Be6 16. Bxe6 fxe6 17. b4 Bf4 18. Ra2 g5 19. Kh1 Bxh2 20. N1xh2 Qg6 21. g3 Nf6 22. Qb3 Nd7 23. d4 Qf6 24. Rd2 b5 25. a5 Rab8 26. d5 exd5 27. Qxd5 Ne7 28. Qa2 Qf7 29. Kg2 Qxa2 30. Rxa2 Nf6 31. Ng4 Kg6 32. Rc2 Nc6 33. Nd2 Ng8 34. Rh1 Nge7 35. Ne3 Rbc8 36. h4 Nd8 37. hxg5 hxg5 38. Ng4 Nf7 39. c4 Nc6 40. cxb5 Nd4 41. Rc3 axb5 42. Ne3 c6 43. Nf5 Nxf5 44. exf5+ Kxf5 45. Rhc1 c5 46. bxc5 dxc5 47. Rxc5 Rxc5 48. Rxc5 Rb8 49. Rc6 g4 50. a6 Nd8 51. Rc7 Ra8 52. a7 Ke6 53. Ne4 b4 54. Rc4 Rxa7 55. Rxb4 Rc7 56. Nd2 Nc6 57. Rxg4 Nd4 58. Rg8 Kf5 59. Rf8+ Kg6 60. Ne4 Rc6 61. Kh3 Kg7 62. Ra8 Rh6+ 63. Kg2 Rc6 64. Re8 Ne6 65. Kh3 Kf7 66. Ra8 Nd4 67. Ra5 Ke6 68. Kg4 Rb6 69. f3 Rc6 70. Ra8 Kf7 71. Ra7+ Kg6 72. Rd7 Nf5 73. Rd3 Rb6 74. Ra3 Rc6 75. Rd3 Rb6 76. Rc3 Ra6 77. Kh3 Nd4 78. Re3 Nf5 79. Rd3 Nd4 80. Nf2 Kf5 81. Re3 Ne6 82. Kg2 Ra5 83. Nd3 Ra2+ 84. Kg1 Ra1+ 85. Kf2 Ra2+ 86. Ke1 Ra5 87. g4+ Kf6 88. Kf2 Ra2+ 89. Kg3 Ra3 90. Kf2 Ra2+ 91. Re2 Ra5 92. Kg3 Ng5 93. Re3 Ra3 94. Nb4 Ra5 95. Rc3 Ne6 96. Nd3 Ra6 97. Nf2 Ng5 98. Kh4 Kg6 99. Re3 Kf6 100. Rb3 Kg6 101. Kg3 Kf6 102. Nd3 Rc6 103. Rb5 Nf7 104. Nb4 Rd6 105. Nd5+ Ke6 106. Ne3 Kf6 107. Nc4 Rc6 108. Nd2 Ng5 109. Kh4 Rd6 110. Ne4+ Nxe4 111. fxe4 Rd4 112. g5+ Ke6 113. Rb6+ Kf7 114. Kh5 Rxe4 115. Rb7+ Kf8 116. Kg6 Re1 117. Rf7+ Kg8 118. Rg7+ Kf8 119. Rf7+ Kg8 120. Ra7 Kf8 121. Ra8+ Ke7 122. Kg7 Rg1 123. g6 Rg2 124. Kh7 Rh2+ 125. Kg8 Rg2 126. g7 Rh2 127. Ra7+ Ke8 128. Rb7 Rh1 129. Rf7 Rh5 130. Rf2 Ke7 131. Rf8 Rh1 132. Rf7+ Ke6 133. Ra7 e4 134. Ra5 Kf6 135. Ra6+ Ke5 136. Ra8 e3 137. Re8+ Kd4 138. Re6 Rg1 139. Kf7 Kd3 140. Rd6+ Kc2 141. Rg6 Rxg6 142. Kxg6 e2 143. g8=Q e1=Q 144. Qa2+ Kd1 145. Qb1+ Kd2 146. Qxe1+ Kxe1 1/2-1/2

[Event "45th Olympiad 2024"]
[Site "Budapest HUN"]
[Date "2024.09.16"]
[Round "6.21"]
[Board "3"]
[White "Egilstoft, Rogvi"]
[Black "Sebenik, Matej"]
[Result "0-1"]
[WhiteElo "2278"]
[BlackElo "2515"]
[PlyCount "82"]
[EventDate "2024.09.11"]
[WhiteTeam "Faroe Islands"]
[BlackTeam "Slovenia"]
[WhiteTeamCountry "FAI"]
[BlackTeamCountry "SLO"]

1. e4 e6 2. Nf3 d5 3. Nc3 Nf6 4. e5 Nfd7 5. d4 c5 6. dxc5 Nc6 7. Bf4 Nxc5 8. Bd3 Be7 9. h4 f6 ({RR} 9... a6 10. a3 b5 11. h5 f5 12. Ne2 d4 13. Nexd4 Nxd4 14. Nxd4 Bg5 {½-½ Perez Ponsa,F (2484)-Bruzon Batista,L (2689) Latin Cup Montevideo 2011 (8)}) 10. Rh3 ({RR} 10. Qe2 Nxd3+ 11. cxd3 O-O 12. Bg3 d4 13. Nb1 f5 14. Bf4 b6 15. h5 h6 16. O-O Bb7 17. Nbd2 Qe8 18. Nh2 Nb4 19. Nc4 Nd5 20. Bd2 Rd8 21. Rac1 Qf7 22. Rfe1 Rfe8 23. Qd1 b5 24. Na5 Ba8 {0-1 Domingo Nunez,R (2380)-Bluebaum,M (2661) Titled Tue 17th Jan Late 2023 (8)}) 10... Nxd3+ 11. cxd3 $146 ({RR} 11. Qxd3 fxe5 12. Nxe5 O-O 13. g3 Nxe5 14. Bxe5 d4 15. O-O-O dxc3 16. Qxc3 Qe8 17. Bxg7 Rxf2 18. Bd4 Rf8 19. Be5 Bd7 20. Qc4 Bc6 21. Qxe6+ Qf7 22. Qg4+ Qg6 23. Qc4+ Qf7 24. Qg4+ Qg6 25. Qc4+ Rf7 {0-1 Shilov,S (2320)-Luther,T (2535) Koszalin op 1996 (8)}) 11... fxe5 12. Bxe5 d4 13. Bxg7 Rg8 14. Ng5 Rxg7 15. Qh5+ Kd7 16. Nce4 Qe8 17. Qd1 h6 18. Nf3 Kc7 19. Qa4 e5 20. Rg3 Rxg3 21. fxg3 Bf5 22. Rc1 Bxe4 23. dxe4 a6 24. Qa5+ Kb8 25. Qb6 Bd6 26. Kf2 Qd7 27. g4 Bc7 28. Qb3 Ka7 29. g5 hxg5 30. hxg5 Bb6 31. Kg3 Rf8 32. Rh1 d3 33. g6 Qd6 34. Rh6 Qf6 35. Kh3 Qg7 36. Rh4 Qxg6 37. Qxd3 Qe6+ 38. Kh2 Nd4 39. Nxd4 Bxd4 40. Rh7 Qxa2 41. b3 Qf2 0-1

[Event "45th Olympiad 2024"]
[Site "Budapest HUN"]
[Date "2024.09.16"]
[Round "6.21"]
[Board "4"]
[White "Lavrencic, Matic"]
[Black "Rodgaard, John"]
[Result "1-0"]
[WhiteElo "2360"]
[BlackElo "2273"]
[PlyCount "67"]
[EventDate "2024.09.11"]
[WhiteTeam "Slovenia"]
[BlackTeam "Faroe Islands"]
[WhiteTeamCountry "SLO"]
[BlackTeamCountry "FAI"]

1. e4 c5 2. Nf3 e6 3. d4 cxd4 4. Nxd4 Nc6 5. Nc3 Qc7 6. Be3 a6 7. a3 b5 8. Nxc6 Qxc6 9. h4 ({RR} 9. Bd3 Bb7 10. f4 Bc5 11. Qe2 Rc8 12. g4 Ne7 13. f5 O-O 14. Rf1 f6 15. g5 exf5 16. Bxc5 Qxc5 17. gxf6 Rxf6 18. O-O-O f4 19. e5 f3 20. Qe1 Re6 21. Qh4 Ng6 22. Bxg6 Rxg6 23. Rxd7 Bc6 {1-0 Nepomniachtchi,I (2784)-Matlakov,M (2685) Titled Tuesday intern op 26th May blitz 2020 (10)}) 9... Bb7 10. h5 h6 11. Rh3 e5 $146 ({RR} 11... Nf6 12. e5 Nd5 13. Nxd5 Qxd5 14. Qxd5 Bxd5 15. a4 b4 16. Bd4 Be7 17. a5 O-O 18. Rg3 Rfc8 19. Bd3 Bc5 20. Rg4 Be7 21. b3 Bc6 22. Kd2 Rcb8 23. Rh1 Bb5 24. Be4 Bc6 25. Bxc6 dxc6 26. Bb6 {1-0 Bracker,F (2356)-Fischer,E (2054) Bremen Silvester Open A 2022 (2.7)}) ({RR} 11... Rc8 12. Be2 Qc7 13. Qd3 Nf6 14. Rd1 b4 15. axb4 Bxb4 16. Kf1 Bxc3 17. bxc3 Bxe4 18. Qxa6 O-O 19. Rg3 Ra8 20. Qb6 Qxb6 21. Bxb6 Bxc2 22. Rc1 Be4 23. Bd4 Kh8 24. c4 Bc6 25. Kg1 Rg8 26. Bf3 {½-½ Kvaloy,A (2454)-Pranav,A (2519) Fagernes GM Open 2024 (6.9)}) ({RR} 11... Nf6 12. e5 Ne4 13. Nxe4 Qxe4 14. Qf3 Qxf3 15. gxf3 Rc8 16. c3 d6 17. f4 Bc6 18. Rg3 f6 19. exd6 Kd7 20. O-O-O Be4 21. a4 Kc6 22. f5 Bxf5 23. Bg2+ Kd7 24. Bb7 Rb8 25. Bxa6 bxa4 26. Ba7 {1-0 Seemann,J (2361)-Anand,B (2201) Wch U14 Mamaia 2022 (11)}) 12. Qd3 Nf6 13. O-O-O Bc5 14. Nd5 Nxd5 15. exd5 Bxe3+ 16. Rxe3 Qf6 17. Qe4 d6 18. f4 O-O-O 19. fxe5 dxe5 20. Be2 Rhe8 21. Qg4+ Kb8 22. Rf3 Qb6 23. Rxf7 Bxd5 24. Rxg7 e4 25. Qg3+ Ka8 26. Rg6 Qc5 27. Rxa6+ Kb7 28. Rxh6 Bc4 29. Rh7+ Ka8 30. Qg6 b4 31. axb4 Bxe2 32. Qxe4+ Rxe4 33. Rxd8+ Qc8 34. Rxc8# 1-0

[Event "45th Olympiad 2024"]
[Site "Budapest HUN"]
[Date "2024.09.16"]
[Round "6.22"]
[Board "1"]
[White "Ashiku, Franc"]
[Black "Peralta, Fernando"]
[Result "1/2-1/2"]
[WhiteElo "2400"]
[BlackElo "2558"]
[PlyCount "68"]
[EventDate "2024.09.11"]
[WhiteTeam "Albania"]
[BlackTeam "Argentina"]
[WhiteTeamCountry "ALB"]
[BlackTeamCountry "ARG"]

1. d4 d5 2. Nf3 Nf6 3. Bf4 c5 4. e3 Nc6 5. Nbd2 cxd4 6. exd4 Bf5 7. Bb5 e6 8. Ne5 Qb6 9. c4 dxc4 10. Bxc6+ bxc6 11. Ndxc4 Qa6 12. Qe2 Bb4+ 13. Bd2 Bxd2+ 14. Qxd2 O-O 15. Qa5 Qb5 16. O-O Be4 17. Rfd1 $146 ({RR} 17. Rfc1 Bd5 18. a4 Qb7 19. Qe1 Bxc4 20. Nxc4 Rad8 21. Na5 Qxb2 22. Rab1 Qa3 23. Ra1 Qb2 24. Rab1 Qa3 25. Nxc6 Rd7 26. Qa5 Ne4 27. Qe1 Nf6 28. Qa5 Ne4 29. Re1 Nf6 30. Re3 Qd6 31. Ne5 {½-½ Pechac,J (2597)-Baenziger,F (2429) Mitropa Cup Corte 2022 (9.1)}) 17... Bd5 18. b3 Bxc4 19. Nxc4 Rfd8 20. Rac1 h6 21. Qe1 c5 22. dxc5 Rxd1 23. Rxd1 Qxc5 24. Qa5 Qxa5 25. Nxa5 Rc8 26. Nc4 Nd5 27. f3 Kf8 28. Kf2 Ke7 29. Rd2 g5 30. Ne3 Nxe3 31. Kxe3 Rc1 32. Rd4 Rc2 33. Rd2 Rc1 34. Rd4 Rc2 1/2-1/2

[Event "45th Olympiad 2024"]
[Site "Budapest HUN"]
[Date "2024.09.16"]
[Round "6.22"]
[Board "2"]
[White "Krysa, Leandro"]
[Black "Pasko, Llambi"]
[Result "1/2-1/2"]
[WhiteElo "2495"]
[BlackElo "2396"]
[PlyCount "60"]
[EventDate "2024.09.11"]
[WhiteTeam "Argentina"]
[BlackTeam "Albania"]
[WhiteTeamCountry "ARG"]
[BlackTeamCountry "ALB"]

1. d4 d5 2. c4 c6 3. Nf3 Nf6 4. Nc3 e6 5. e3 Bd6 6. Bd3 O-O 7. e4 dxe4 8. Nxe4 Nxe4 9. Bxe4 Nd7 10. O-O e5 11. dxe5 Nxe5 12. Nxe5 Bxe5 13. Bxh7+ Kxh7 14. Qh5+ Kg8 15. Qxe5 Re8 16. Qg3 Qd4 17. Qf4 $146 ({RR} 17. Qc3 Qxc3 18. bxc3 Be6 19. c5 Bc4 20. Rd1 Re2 21. Be3 Bxa2 22. Rd7 Rb2 23. Rd2 Rxd2 24. Bxd2 Bc4 25. Be3 a5 26. h3 a4 27. Bc1 Bb3 28. Ba3 Rd8 29. Kh2 Rd2 30. Kg3 Rd3+ 31. Kf4 Rxc3 {0-1 Giersing,J-Englund,F Stockholm 1906 (8)}) ({RR} 17. Bf4 Qxc4 18. Rfe1 Bf5 19. h4 Re2 20. Bb8 Qg4 21. Rxe2 Qxe2 22. f3 Qe8 23. Be5 Qf8 24. Bd6 Qd8 25. Re1 Be6 26. h5 Qf6 27. Bf4 Kh7 28. Re5 Bf5 29. Bg5 Qd6 30. Be7 Qd7 31. Bc5 b6 {0-1 Moiseenko,A (2575)-Solodovnichenko,Y (2519) UKR Universiad B1 6th 2003 (9)}) ({RR} 17. Be3 Qxc4 18. Rad1 Qg4 19. Qc7 Be6 20. Qxb7 Bd5 21. f3 Qa4 22. Bd4 Bxa2 23. Bc3 Qb5 24. Qd7 Be6 25. Qd6 Bd5 26. Qg3 Qc5+ 27. Kh1 Qf8 28. Rd4 f6 29. Rh4 Qf7 30. Ra1 a5 31. Raa4 Rad8 {1-0 Dolgun,C (2264)-Angun,B (2211) TCh-TUR 1st League 2024 (4.6)}) ({RR} 17. Bf4 Bf5 18. b3 Rad8 19. Be3 Qb2 20. Bxa7 Bd3 21. Rfc1 Re6 22. h4 Be4 23. h5 Rd3 24. Be3 Qe2 25. Qh3 Qb2 26. Re1 f5 27. Qg3 Qf6 28. Qg5 Qe5 29. Qf4 Qb2 30. Rad1 Qxa2 31. Ra1 Qxb3 {1-0 Pavlovic,B-Tilstra,A Hoogovens-B Beverwijk 1956}) ({RR} 17. Bf4 Qxc4 18. Rac1 Qe4 19. Rc3 Qg6 20. Qxg6 fxg6 21. Re3 Rxe3 22. Bxe3 Be6 23. a3 Rd8 24. f3 a6 {½-½ Pytel,K (2400)-Mnatsakanian,E (2435) Yerevan Petrosian Memorial-01 1984 (2)}) 17... Qxf4 18. Bxf4 Re4 19. Be3 Rxc4 20. Rac1 Rxc1 21. Rxc1 Be6 22. a3 Bd5 23. f3 a5 24. Kf2 a4 25. g4 Ra5 26. Rc5 Rxc5 27. Bxc5 b5 28. h4 f6 29. h5 Kf7 30. Ke3 Be6 1/2-1/2

[Event "45th Olympiad 2024"]
[Site "Budapest HUN"]
[Date "2024.09.16"]
[Round "6.22"]
[Board "3"]
[White "Mehmeti, Dritan"]
[Black "Flores, Diego"]
[Result "0-1"]
[WhiteElo "2364"]
[BlackElo "2546"]
[PlyCount "100"]
[EventDate "2024.09.11"]
[WhiteTeam "Albania"]
[BlackTeam "Argentina"]
[WhiteTeamCountry "ALB"]
[BlackTeamCountry "ARG"]

1. d4 Nf6 2. Bg5 e6 3. e4 h6 4. Bxf6 Qxf6 5. c3 c5 6. Nf3 cxd4 7. cxd4 Bb4+ 8. Nc3 O-O 9. e5 Qe7 10. Bd3 d6 11. O-O dxe5 12. dxe5 Bxc3 13. bxc3 b6 14. Nd4 $146 ({RR} 14. Qe2 Bb7 15. Nd4 Nd7 16. f4 Rac8 17. Nb5 Nc5 18. Bb1 Ba6 19. c4 Bxb5 20. cxb5 Rfd8 21. Bc2 Rd4 22. Rad1 Rcd8 23. Rxd4 Rxd4 24. Rd1 Qd7 25. Kf2 g6 26. Ke3 Rd5 27. Rxd5 exd5 28. Qd2 Kf8 {0-1 Rendle,T (2384)-Adair,J (2399) BCF-chT1c 1314 (4NCL) Promotion pool 2013 (11.134)}) ({RR} 14. Qe2 Bb7 15. Nd4 Nc6 16. Nb5 Rad8 17. Rad1 Rd5 18. f4 Qc5+ 19. Kh1 Ne7 20. Nd6 Ba8 21. c4 Rd4 22. Nb5 Rxd3 23. Qxd3 Nf5 24. Rd2 h5 25. h3 Be4 26. Qb3 h4 27. Kh2 g5 28. Re1 Ng3 {0-1 Gumerov,R (2275)-Usov,I (2090) Ufa op 2006 (9)}) 14... Bb7 15. f4 Qc5 16. Rf2 Nc6 17. Nb5 Ne7 18. Nd6 Bc6 19. Bc2 Rfd8 20. Qd3 Nf5 21. Rd1 g6 22. Bb3 Rd7 23. Qc4 Qxc4 24. Nxc4 Rxd1+ 25. Bxd1 Rd8 26. Bf3 Bxf3 27. Rxf3 Rd1+ 28. Rf1 Rd3 29. Rf3 Rxf3 30. gxf3 Kf8 31. Kf2 Ke7 32. Ne3 Nxe3 33. Kxe3 Kd7 34. Kd4 Kc6 35. c4 b5 36. Kc3 Kc5 37. cxb5 Kxb5 38. Kb3 a5 39. h4 Kc5 40. Ka4 Kb6 41. Ka3 Kb5 42. Kb3 Kc5 43. Ka4 Kb6 44. Ka3 h5 45. Ka4 Ka6 46. Ka3 Kb5 47. Kb3 Kc5 48. Ka4 Kd4 49. Kxa5 Ke3 50. a4 Kxf4 0-1

[Event "45th Olympiad 2024"]
[Site "Budapest HUN"]
[Date "2024.09.16"]
[Round "6.22"]
[Board "4"]
[White "Sosa, Tomas ARG"]
[Black "Veleshnja, Zino"]
[Result "1/2-1/2"]
[WhiteElo "2515"]
[BlackElo "2294"]
[PlyCount "60"]
[EventDate "2024.09.11"]
[WhiteTeam "Argentina"]
[BlackTeam "Albania"]
[WhiteTeamCountry "ARG"]
[BlackTeamCountry "ALB"]

1. e4 {Finkel,Alexander} e6 2. d4 d5 3. Nd2 dxe4 4. Nxe4 Nd7 5. Bd3 Ngf6 6. Qe2 Be7 7. Nf3 Nxe4 8. Bxe4 c5 9. O-O ({RR} 9. Be3 Qc7 ({RR} 9... O-O 10. c3 ({RR} 10. O-O-O Qc7 11. h4 Nf6 12. Bd3 b6 13. dxc5 bxc5 14. Bg5 Bb7 15. Ne5 Rad8) 10... Nf6 11. Bc2 b6 12. O-O-O Qc7 13. Ne5 Bb7 14. Bf4 Bd6 15. Kb1 b5 16. dxc5) 10. O-O-O Nf6 11. Bd3 O-O 12. h3 b6 13. Rhe1 Bb7 14. g4 Rac8 15. Ne5 Nd5) ({RR} 9. c3 Nf6 10. Bc2 cxd4 11. Nxd4 Bd7 12. O-O O-O 13. Bf4 Bc6 14. Nxc6 bxc6 15. Be5) 9... Nf6 ({RR} 9... O-O 10. Rd1 Qc7 11. c3 ({RR} 11. Bg5 Bxg5 12. Nxg5 Nf6 13. Bf3 cxd4 14. Rxd4 Qc5 15. Qd2 e5 16. Rd6 Bf5) 11... Nf6 12. Bg5 h6 ({RR} 12... Nxe4 13. Qxe4 ({RR} 13. Bxe7 Nxc3) 13... Bd6 14. Be3 f6 ({RR} 14... f5 15. Qh4 b6 ({RR} 15... f4 16. Bc1 ({RR} 16. dxc5 Be7) 16... e5 17. dxe5 Bxe5 18. Qg5 Bf6 19. Bxf4) 16. dxc5 bxc5 17. Qc4 Rb8 18. b3) 15. Rd2 ({RR} 15. Rd3 c4 16. Rd2 Bd7 17. Re1 Rae8) ({RR} 15. dxc5 Bxc5 16. Bxc5 Qxc5 17. Rd2 Qa5) 15... cxd4 16. Rxd4 e5 17. Qd5+ Rf7 18. Rd2 Be7 19. Rad1) 13. Bxf6 Bxf6 14. Qc4 Be7 15. b4 f5 16. Bd3 b5 17. Qxb5 cxb4 18. cxb4 Rb8 19. Qa5 Qxa5 20. bxa5 Bf6 ({RR} 20... Rd8 21. Ne5 Bb7 22. Bc4 Bd5 23. Bxd5 Rxd5 24. Nc6 Re8 25. Rab1) 21. Rab1 Bb7 ({RR} 21... Rxb1 22. Rxb1 Rd8 23. Rb8 g5 24. Ne5 Bxe5 ({RR} 24... Rxd4 25. Rxc8+ Kg7 26. Rc7+ Kg8 27. Nf7 Rxd3 28. Nxh6+ Kh8 29. g4) 25. dxe5 Rxd3 26. Rxc8+ Kf7 27. Kf1 Rd5 28. Rc7+ Kg6 29. Rxa7 Rxe5 30. Ra8) 22. Bc4 Bd5 ({RR} 22... Bxf3 23. Bxe6+ Kh8 24. Rxb8 Rxb8 25. gxf3 g6) 23. Bxd5 exd5 24. a6 {1-0 Yermolinsky,A (2650)-Seirawan,Y (2630) Hoogovens Merrillville 1997 (2)}) ({RR} 9... cxd4 10. Nxd4 O-O 11. Rd1 Qa5 12. c3 Nf6 13. Bc2 Qh5 14. Qxh5 Nxh5 15. Nb5 a6 16. Nd6 Rd8 17. Nxc8 Raxc8 18. Be3 Nf6 19. Bb6 Rxd1+ 20. Rxd1 Nd5 21. Bd4 Bf6 22. f3 Kf8 23. Bf2 b5 24. Be4 {1-0 Riff,V (2397)-Fajdetic,H (2151) Titled Tuesday intern op 12th Apr Late blitz 2022 (1)}) 10. Rd1 $146 ({RR} 10. dxc5 Nxe4 11. Qxe4 Bxc5 12. Qe5 Bf8 13. Qg3 f6 14. Bf4 Kf7 15. Rad1 Qe8 16. Rfe1 Bd7 17. Nd4 Qc8 18. Qb3 Bc5 19. Nf5 g6 20. Nh6+ Kg7 21. Ng4 Be7 22. Bh6+ Kf7 23. Qf3 Bc6 24. Ne5+ Ke8 {1-0 Pritchett,C-Fuller,M London 1975 (8)}) ({RR} 10. dxc5 Nxe4 11. Qxe4 Bxc5 12. Qe5 Bf8 13. Re1) 10... c4 11. Bg5 Nxe4 12. Bxe7 Kxe7 13. Qxe4 Qd5 14. Qg4 Kf8 15. Re1 f6 16. Nd2 Bd7 17. Qg3 Rd8 18. Ne4 Bc6 19. Nc3 Qd6 20. Qh3 Re8 21. Re3 Kf7 22. Qh5+ g6 23. Qh4 h5 24. Ne4 Bxe4 25. Qxe4 Qd5 26. Rae1 Qxe4 27. Rxe4 h4 28. R1e3 Rh5 29. Kf1 Re7 30. Ra3 a6 1/2-1/2

[Event "45th Olympiad 2024"]
[Site "Budapest HUN"]
[Date "2024.09.16"]
[Round "6.23"]
[Board "1"]
[White "Macovei, Andrei"]
[Black "Greet, Andrew N"]
[Result "0-1"]
[WhiteElo "2464"]
[BlackElo "2405"]
[PlyCount "80"]
[EventDate "2024.09.11"]
[WhiteTeam "Moldova"]
[BlackTeam "Scotland"]
[WhiteTeamCountry "MDA"]
[BlackTeamCountry "SCO"]

1. e4 c6 2. d4 d5 3. e5 Bf5 4. Nf3 e6 5. Be2 Nd7 6. Nbd2 h6 7. O-O Ne7 8. c3 c5 ({RR} 8... Bh7 9. a4 a5 10. Re1 c5 11. dxc5 Nc6 12. Nb3 Nxc5 13. Be3 Nd7 14. Bb5 Be7 15. Nbd4 Qc7 16. Rc1 Nb6 17. c4 dxc4 18. Nd2 O-O 19. Nxc4 Nd5 20. Nd6 Nxe3 21. Rxe3 Bg5 22. Rec3 Bxc1 23. Qxc1 {½-½ Karjakin,S (2747)-Sjugirov,S (2712) Crocus City Stars Rapid 2023 (8.3)}) ({RR} 8... g5 9. Ne1 Qc7 10. b4 Bg7 11. Nb3 O-O-O 12. a4 f6 13. exf6 Bxf6 14. b5 c5 15. dxc5 Nxc5 16. Nxc5 Qxc5 17. Ba3 Qc7 18. Rc1 Kb8 19. Qb3 Ng6 20. c4 Nf4 21. Bd1 d4 22. c5 Be4 23. c6 {0-1 Miranda Rodriguez,T (2072)-Mrudul,D (2036) WSCC Speed Play-In 2 2024 (2)}) ({RR} 8... Bh7 9. a4 Ng6 10. Nb3 Be7 11. a5 a6 12. c4 dxc4 13. Bxc4 O-O 14. Re1 Re8 15. g3 Bf8 16. Be3 Ne7 17. h4 Nd5 18. Bd2 Rc8 19. Qe2 c5 20. Bxd5 exd5 21. Nxc5 Nxc5 22. dxc5 d4 23. b4 {½-½ Macovei,A (2453)-Maiorov,N (2474) Titled Tuesday intern op 31st May Early blitz 2022 (7)}) 9. dxc5 Nc6 10. Nd4 $146 ({RR} 10. b4 Ndxe5 11. Qa4 Nd7 12. Nd4 Nxd4 13. cxd4 Be7 14. Nf3 O-O 15. Be3 Bg4 16. b5 Nf6 17. Qb3 Ne4 18. a4 f5 19. Rfd1 Kh7 20. Bf4 Bf6 21. h3 Bh5 22. Ra2 Qa5 23. Rc2 g5 24. Bh2 f4 {1-0 Ponomariov,R (2712)-Navara,D (2734) China Elite Mind blitz 2016 (15)}) 10... Bh7 11. f4 Bxc5 12. N2f3 Be4 13. Be3 f5 14. Nd2 Bxd4 15. cxd4 Nb6 16. Qb3 Qd7 17. a4 Kf7 18. a5 Nc8 19. Qa3 N8e7 20. b4 a6 21. Nb3 Rab8 22. Nc5 Qe8 23. b5 axb5 24. Bxb5 g5 25. Qb3 Rg8 26. fxg5 hxg5 27. Nxe4 dxe4 28. Bc4 Qd7 29. Kh1 Rg6 30. g4 f4 31. Bxf4 gxf4 32. Rxf4+ Kg8 33. Raf1 Nxd4 34. Qh3 Nf3 35. Be2 Qd2 36. Rxe4 Ng5 37. Qa3 Nxe4 38. Qxe7 Qxe2 39. Qf7+ Kh8 40. Rf3 Ng5 0-1